KOHA-Header-6

مملکت اے مملکت (Record no. 13566)

000 -LEADER
fixed length control field 00355nam a22001217a 4500
082 ## - DEWEY DECIMAL CLASSIFICATION NUMBER
Classification number 891.43
Item number م ح م
100 ## - MAIN ENTRY--AUTHOR NAME
Personal name محمود شام
245 ## - TITLE STATEMENT
Title مملکت اے مملکت
260 ## - PUBLICATION, DISTRIBUTION, ETC. (IMPRINT)
Place of publication کراچی
Name of publisher ویلکم بک پورٹ
Year of publication ٢٠٠٧
300 ## - PHYSICAL DESCRIPTION
Number of Pages ٣٥٠ صفحات
650 ## - SUBJECT ADDED ENTRY--TOPICAL TERM
Topical Term Urdu Literature, Mumlikat ae Mulikat, Mehmood Shaam
942 ## - ADDED ENTRY ELEMENTS (KOHA)
Koha item type Books
Holdings
Withdrawn status Lost status Collection code Permanent Location Current Location Shelving location Date acquired Full call number Accession Number Koha item type
    Urdu Literature MAJU MAJU Shelf No.A12 2022-12-16 891.43 م ح م 10696 Books

Powered by Koha